| 000 | 00443nam a2200145Ia 4500 | ||
|---|---|---|---|
| 008 | 231129s2007||||xx |||||||||||||| ||spa|| | ||
| 020 | _a978-968-18-6392-0 | ||
| 040 | _bspa | ||
| 082 | _a371.3944 Q5e | ||
| 100 | _aQuesada Castillo Rocío | ||
| 245 | 0 | _aEjercicios para elaborar mapas mentales: guía del estudiante | |
| 260 | _c2007 | ||
| 264 | _aMéxico: Limusa. Noriega Editores | ||
| 942 |
_2ddc _cBKS |
||
| 999 |
_c10055 _d10055 |
||